La Prensa escrita y la fiscalización del gobierno

En este artículo se examinan los puntos más importantes de la labor investigativa que hizo y publicó el periódico salvadoreño, La Prensa Gráfica, sobre las ventajas personales que se ha propiciado el ministro de Economía Miguel Lacayo. Además hace una observación al protagonismo que ha tenido La pre...

Deskribapen osoa

Gorde:
Xehetasun bibliografikoak
Formatua: Texto
Gaiak:
Etiketak: Etiketa erantsi
Etiketarik gabe, Izan zaitez lehena erregistro honi etiketa jartzen!

MARC

LEADER 00000 a a2200000 04500
001 6418
003
040
245 |a La Prensa escrita y la fiscalización del gobierno  
520 |a En este artículo se examinan los puntos más importantes de la labor investigativa que hizo y publicó el periódico salvadoreño, La Prensa Gráfica, sobre las ventajas personales que se ha propiciado el ministro de Economía Miguel Lacayo. Además hace una observación al protagonismo que ha tenido La prensa Gráfica junto con el periódico El Diario de Hoy. Se dice que es de suma importancia que la prensa escrita desarrolle su labor de fiscalizar a funcionarios. /MSD  
650 |a FUNCIONARIOS  
650 |a PRENSA  
650 |a INVESTIGACION  
773 |g volumen 21, número 933; páginas 9-11  
999 |c 32614  |d 32614